000 00199nam a2200097Ia 4500
008 170619s9999 xx 000 0 und d
100 _aGhatak
245 0 _aOptics
260 _bMc Graw Hill
260 _c2005
546 _aENGLISH
999 _c17644
_d17644